000 01344cam a22004098a 4500
001 14572291
003 OSt
005 20150408114045.0
008 120623s2007 stk f b 001 0 eng
010 _a 2006051699
020 _a9780443102097
020 _a0443102090
020 _a9780443102103 (International student ed.)
020 _a0443102104 (International student ed.)
035 _a(DNLM)101288841
040 _aDNLM/DLC
_cMU
_dDLC
042 _apcc
050 0 0 _b.M35 2007
060 1 0 _bM487 2007
082 0 0 _a616.9041 M E M
_222
245 0 0 _aMedical microbiology :
_ba guide to microbial infections : pathogenesis, immunity, laboratory diagnosis, and control /
_cedited by David Greenwood ... [et al.].
250 _a17th ed.
260 _aEdinburgh ;
_aNew York :
_bChurchill Livingstone/Elsevier,
_c2007.
263 _a0706
300 _ap. ;
_ccm.
504 _aIncludes bibliographical references and index.
650 4 _aMedical microbiology.
650 4 _aInfection
_xmicrobiology.
_95546
650 4 _aBacteria.
_95547
650 4 _aFungi.
_95548
650 4 _aMicrobiological Techniques.
650 4 _aViruses.
_95550
700 1 _aGreenwood, David,
_d1935-
_95551
906 _a7
_bcbc
_corignew
_d1
_eocip
_f20
_gy-gencatlg
942 _2ddc
_cDVD
999 _c24150
_d258650